000 00655nam a2200205 a 4500
001 000043546
005 20240412074302.0
008 140325s2013 dr a 000 p spa d
020 _a9789945583427
040 _aDO-SdBNP
_bspa
_cBNPHU
082 _aRD861.5
_bP416v
100 1 _aPeñon, Cornielle del
_971334
245 1 0 _aVersos del ala sur /
_cCornielle del Peñon ; ilustraciones Víctor Nolasco.
260 _aSanto Domingo :
_bSantuario,
_c2013.
300 _a80 p. :
_bil. ;
_c23 cm.
590 _aInventariado, 2019 / DG
650 0 _aPoesía dominicana
_966
650 0 _aLiteratura dominicana.
_967
910 _aValidado. Control de calidad MFF
999 _c43035
_d43035